000 00211 a2200097 4500
001 47952
100 _aAl-Nadvi
245 _aQassis-ul-Ambiya
260 _aKarachi
_bMajlisi Nashriyat
_c
090 _c30947
_d30947
942 _aNUST-CAE
_cM
_c23277
999 _c283025
_d283025